000 00511cam a2200145 4500500
005 20251228090850.0
041 _afre
042 _adc
100 1 0 _aSavin, Pierre
_eauthor
245 0 0 _aLes éditions sur whatman des Cahiers de la quinzaine
260 _c2018.
500 _a21
786 0 _nBulletin de l’Amitié Charles Péguy | 164 | 4 | 2018-04-23 | p. 392-396 | 0180-8567
856 4 1 _uhttps://shs.cairn.info/revue-bulletin-de-lamitie-charles-peguy-2018-4-page-392?lang=fr&redirect-ssocas=7080
999 _c1602805
_d1602805